Central Library OPAC University of Rajshahi

Archetypal patterns in poetry : (Record no. 62311)

MARC details
000 -LEADER
fixed length control field 00768nam a2200253 a 4500
001 - CONTROL NUMBER
control field 62311
003 - CONTROL NUMBER IDENTIFIER
rucl marc code BD-RjUL
005 - DATE AND TIME OF LATEST TRANSACTION
control field 20211209081052.0
008 - FIXED-LENGTH DATA ELEMENTS--GENERAL INFORMATION
fixed length control field 170123r19341951enk 00010 eng d
035 ## - SYSTEM CONTROL NUMBER
System control number (BD-RjUL)62437
System control number 630295
040 ## - CATALOGING SOURCE
Original cataloging agency ANL
Language of cataloging eng
Modifying agency ANL
Transcribing agency BD-RjUL
041 ## - LANGUAGE CODE
Language code of text/sound track or separate title eng
082 ## - DEWEY DECIMAL CLASSIFICATION NUMBER
Edition number 23
Classification number 801.09
Author mark and year BOA 1951
100 1# - MAIN ENTRY--PERSONAL NAME
Personal name Bodkin, Maud.
9 (RLIN) 185329
245 10 - TITLE STATEMENT
Title Archetypal patterns in poetry :
Remainder of title psychological studies of imagination /
Statement of responsibility, etc. Maud Bodkin
260 ## - PUBLICATION, DISTRIBUTION, ETC. (IMPRINT)
Place of publication, distribution, etc. London :
Name of publisher, distributor, etc. Oxford Univ. Press,
Date of publication, distribution, etc. 1934 [Impression 1951]
300 ## - PHYSICAL DESCRIPTION
Pagination xiv, 340 p. ;
Size 22 cm.
500 ## - GENERAL NOTE
General note Includes index
650 #0 - SUBJECT ADDED ENTRY--TOPICAL TERM
Topical term or geographic name as entry element Poetry
General subdivision History and criticism.
9 (RLIN) 185330
Topical term or geographic name as entry element Literature
General subdivision Psychology.
9 (RLIN) 185274
Topical term or geographic name as entry element Imagination.
9 (RLIN) 185331
942 ## - ADDED ENTRY ELEMENTS (KOHA)
Source of classification or shelving scheme Dewey Decimal Classification
Koha item type Books
Holdings
Lost status Source of classification or shelving scheme Damaged status Not for loan Collection code Permanent Location Current Location Shelving location Date acquired Source of acquisition Cost, normal purchase price Total Checkouts Full call number Date last seen Copy number Koha item type
  Dewey Decimal Classification   Not For Loan Non-fiction Central Library, University of Rajshahi Central Library, University of Rajshahi Reading Room 09/08/1955 O.U.P 7.80   801.09 BOA 1951 23/01/2017 C-1 Books